000 00437nam a2200157 i 4500
001 81539
003 ES-MaACL
005 20230906174446.0
007 t|
008 041105s1918 xxu ||||1| eng d
100 1 _aHusik, Isaac.
_964815
245 1 2 _aA history of mediaeval Jewish Philosophy /
_cby Isaac Husik.
260 _aNew York :
_bThe Macmillan Company,
_c1918.
300 _aXLIX, 462 p. ;
_c22 cm.
852 _aES-MaACL
_jF-365
999 _c81539
_d81539